000 00997nam a2200265 4500
005 19840917000000.0
008 740903s1956 ii 000 0 eng
010 _aENG-92361
020 _a9788180522574
_c325.00
020 _a8180522571
_c325.00
035 _aEN-75894
037 _bDBAD / PUB
040 _adpl
_bEnglish
082 _a670.42
100 _aSingh, D.K.
110 _aIndia.
245 _aFundamentals of manufacturing engineering /
_cby D.K. Singh
260 _aNew Delhi
_bAne Books
_c2008
270 _a4821, Parwana Bhawan, Ist Floor, 24, Ansari Road, Darya Ganj,
_bNew Delhi
_e110002
300 _axxx, 527p.
_c26 cm (pbk)
_bill.
500 _aIncludes bibliographical references and index
650 _aProduction engineering.
942 _2ddc
_cEN
_mSIN
_h670.42
999 _c20634
_d20634